|
|
|
|
| LEADER |
00768nab a2200181 i 4500 |
| 001 |
misc13045 |
| 005 |
20191106141505.0 |
| 008 |
170607s1980 hu o 0|| hun d |
| 022 |
|
|
|a 0025-0260
|
| 040 |
|
|
|a SZTE Miscellanea Repozitórium
|b hun
|
| 041 |
|
|
|a hun
|
| 100 |
1 |
|
|a Mészáros István
|
| 245 |
1 |
3 |
|a Az ELTE Bölcsészkar Neveléstudományi Tanszékének története 1814-1900 között
|h [elektronikus dokumentum] /
|c Mészáros István
|
| 260 |
|
|
|c 1980
|
| 300 |
|
|
|a 38-57
|
| 490 |
0 |
|
|a Magyar pedagógia : a Magyar Tudományos Akadémia Pedagógiai Bizottságának folyóirata
|v 80 No. 1
|
| 695 |
|
|
|a Neveléstörténet magyar 19. sz., Neveléstörténet, Egyetemtörténet
|
| 856 |
4 |
0 |
|u http://misc.bibl.u-szeged.hu/13045/1/mp_1980_001_5464_038-057.pdf
|z Dokumentum-elérés
|